00785nam a2200241 a 450000100060000000300080000600500170001400800410003102000150007203500190008704000230010604100110012908200230014010000290016324500820019226000560027430000270033050000400035750400510039760000570044865000170050570000210052262521BD-RjUL20211209081108.0170124s1974 cau b 001 0 eng d a0520026012 a(BD-RjUL)62647 aDLCcDLCdDLCbeng0 aengwel00a891.6611bLLP 19740 aLlywarch Hen,d496?-646?04aThe poetry of Llywarch Hen /cintrod. text, and translation, Patrick K. Ford. aBerkeley :bUniversity of California Press,cc1974. axvii, 145 p. ;c23 cm. aText of poems in English and Welsh. aIncludes bibliographical references and index.00aLlywarch Hen,d496?-646?xTranslations into English. aWelsh poetry1 aFord, Patrick K.